000 00919cab a2200301 4500
001 WB3005-03
008 090401t1994 xxu||||| |||| 00| 0 eng d
035 _a(Sirsi) u97566
041 _aeng
245 _aUniversity halls turned into hotels
260 _c1994
350 _a0
490 _aTimes
_v3 February 1994, 20(1)
520 _aLeeds University is the latest to convert a hall of residence into a luxury hotel. Profits will be used to maintain and refurbish other accommodation for students.
650 _aCONVERSION
650 _aFUNDING
650 _aHALLS OF RESIDENCE
650 _aHOTELS
650 _aLEEDS UNIVERSITY
650 _aBUILT ENVIRONMENT-BUILDING MAINTENANCE AND REFURBISHMENT
650 _aSTUDENT ACCOMMODATION
650 _aUNIVERSITIES
650 _aWEETWOOD HALL
690 _aRefurbishment
_96264
690 _aDEVELOPMENT
942 _n0
948 _c04/03/1997
999 _c59635
_d59635